The normal Christian worker / (Record no. 1686)

MARC details
000 -LEADER
fixed length control field 00799nam a2200265Ii 4500
001 - CONTROL NUMBER
control field 5672
003 - CONTROL NUMBER IDENTIFIER
control field GBCCL
005 - DATE AND TIME OF LATEST TRANSACTION
control field 20241126110407.0
008 - FIXED-LENGTH DATA ELEMENTS--GENERAL INFORMATION
fixed length control field 790222c19751965hk 00010 eng d
035 ## - SYSTEM CONTROL NUMBER
System control number OCM04681559 830624
040 ## - CATALOGING SOURCE
Original cataloging agency CDC
Transcribing agency CDC
Modifying agency m.c.
-- LBB
041 1# -
-- engchi
049 ## -
-- LBBK
082 ## - DEWEY DECIMAL CLASSIFICATION NUMBER
Classification number 248.4
Item number NEE
092 ## - LOCALLY ASSIGNED DEWEY CALL NUMBER (OCLC)
Classification number 248.4
Item number N372
100 10 - MAIN ENTRY--PERSONAL NAME
Personal name Nee, Watchman.
9 (RLIN) 331
245 14 - TITLE STATEMENT
Title The normal Christian worker /
Statement of responsibility, etc. By Watchman Nee.
250 ## - EDITION STATEMENT
Edition statement [1st ed.]
260 0# - PUBLICATION, DISTRIBUTION, ETC.
Place of publication, distribution, etc. Hong Kong :
Name of publisher, distributor, etc. Hong Kong Church Book Room,
Date of publication, distribution, etc. [1965, 1975 printing]
300 ## - PHYSICAL DESCRIPTION
Extent vii, 133 p. ;
Dimensions 19 cm.
500 ## - GENERAL NOTE
General note "The substance of a series of messages given to a group of fellow-workers in China, 1948."
500 ## - GENERAL NOTE
General note "Translated from Chinese."
650 #0 - SUBJECT ADDED ENTRY--TOPICAL TERM
Topical term or geographic name entry element Christian life.
9 (RLIN) 183
942 ## - ADDED ENTRY ELEMENTS (KOHA)
Source of classification or shelving scheme Dewey Decimal Classification
Koha item type Books
Koha issues (borrowed), all copies 1
Holdings
Withdrawn status Lost status Source of classification or shelving scheme Damaged status Not for loan Home library Current Library Shelving location Date acquired Total checkouts Full call number Barcode Date last seen Date last checked out Copy number Price effective from Koha item type
    Dewey Decimal Classification     GRACE BIBLE COLLEGE GRACE BIBLE COLLEGE Ministry & Mission 2017-05-11 1 248.4 NEE 001158 2025-05-01 2017-10-20 c.1 2017-05-11 Books
© Grace Bible College Library 2025